000 00816nam a2200241 a 4500
001 BRCA_6747
005 20190320205557.0
008 241011s1946----mx-#######---#000-0#spa-#
041 _aspa
044 _amx
050 4 _aPQ7110
_b.U73
_c1946
100 1 _aUrbina, Luis Gonzaga
_916845
245 1 0 _aLa vida literaria de México y la literatura mexicana durante la guerra de la independencia
_cLuis G. Urbina; edición y prólogo de Antonio Castro Leal.
260 _aMéxico
_bPorrúa
_c1946
300 _a407 p.
_c19 cm.
440 0 _aEscritores mexicanos
_v27
_916846
500 _aI115
650 1 4 _aLiteratura mexicana
_xHistoria y crítica
_916847
700 1 _aCastro Leal, Antonio
_eEditor
_916848
740 0 _aLa literatura mexicana durante la guerra de independencia
902 _aGFM
942 _2lcc
_cB
999 _c6430
_d6430